000 01572nam0a2200349 4500
001 RU\NLR\bibl\114662
005 20250617093826.0
010 _a5-233-00223-X
_91000
021 _aRU
_b2003-47822
_92298
035 _a(NLR Aleph) 000112268
090 _a637197
_c637197
100 _a20001025d2000 |||y0rusy50 ca
101 0 _arus
_deng
102 _aRU
105 _aa |||||||||
200 1 _aОнтогенетический аспект психологической диагностики и коррекции аномального развития личности
_eНа материале исслед. детей и подростков
_fВ.А. Худик
_gРос. гос. пед. ун-т им. А.И. Герцена
210 _aСПб.
_cОбразование
_d2000
215 _a298,[1] с.
_cил.
_d20
300 _aРез. на англ. яз.
320 _aБиблиогр.: с. 270-295 (480 назв.)
606 0 _aАномальные дети
_xПсихологические исследования
_92620538
_3RU\NLR\auth\661557098
606 1 _aДети с ограниченными возможностями здоровья
_xПсихологические исследования
_9998963
_3RU\NLR\auth\6660759
686 _aЮ948.2
700 1 _aХудик
_bВ. А.
_gВладимир Александрович
_4070
801 0 _aRU
_bNLR
_c20001025
_gPSBO
801 1 _aRU
_bNLR
_c20001025
830 _aАвт. по кн.
852 _aNLR
_j2000-3/12407
942 _cBOOK
980 _aNB